000 00291nam a22001337a 4500
008 170531b xxu||||| |||| 00| 0 eng d
020 _a9780671742713
041 _aeng
080 _a93
100 _a17
101 _aSHH
245 _aTHE TIMETABLES OF HISTORY
_cGRUN, B
942 _2udc
_cBK
999 _c15126
_d15126